000 00778nam a2200253 a 4500
001 63316
003 BD-RjUL
005 20211209081200.0
008 170129t19591952nyu 000 0 eng d
035 _a(BD-RjUL)63445
040 _aHEI
_cHEI
_dBD-RjUL
_beng
041 _aeng
082 _223
_a823.7
_bLEM 1959
090 _aPR4887
_b.M6 1959
099 _aPR4887.M6 1959
100 1 _aLewis, M. G.
_q(Matthew Gregory),
_d1775-1818.
_9188420
245 1 4 _aThe monk /
_cM. G. Lewis and original text, variant readings, and "A note on the text" Louis F. Peck
250 _a1st ed.
260 _aNew York :
_bGrove Press,
_c1959.
300 _a445 p. ;
_c20 cm.
650 _aMan-woman relationships
_x Fiction
_9188421
700 1 _aPeck, Louis F.
_9188422
942 _2ddc
_cBK
999 _c63316
_d63316